UM Logo

Sometimes God's has a kids face: (Record no. 8374)

MARC details
000 -LEADER
fixed length control field 00463nam a2200133 4500
008 - FIXED-LENGTH DATA ELEMENTS--GENERAL INFORMATION
fixed length control field 180131b xxu||||| |||| 00| 0 eng d
082 ## - DEWEY DECIMAL CLASSIFICATION NUMBER
Edition number 1988
Classification number DC 362.74
Item number R51s
100 ## - MAIN ENTRY--PERSONAL NAME
9 (RLIN) 25919
Personal name Ritter, Bruce.
245 ## - TITLE STATEMENT
Title Sometimes God's has a kids face:
Remainder of title The story of America's exploited street kids/
Statement of responsibility, etc. Bruce Ritter.
260 ## - PUBLICATION, DISTRIBUTION, ETC. (IMPRINT)
Place of publication, distribution, etc. United States of America:
Name of publisher, distributor, etc. Covenant House,
Date of publication, distribution, etc. © 1988.
300 ## - PHYSICAL DESCRIPTION
Extent 123 pages;
Dimensions 17 cm.
650 #0 - SUBJECT ADDED ENTRY--TOPICAL TERM
9 (RLIN) 25920
Topical term or geographic name as entry element Abandoned children
942 ## - ADDED ENTRY ELEMENTS (KOHA)
Source of classification or shelving scheme Dewey Decimal Classification
Koha item type Circulation
Holdings
Withdrawn status Lost status Source of classification or shelving scheme Damaged status Not for loan Collection code Home library Current library Date acquired Source of acquisition Total Checkouts Full call number Barcode Date last seen Copy number Price effective from Koha item type
    Dewey Decimal Classification     Circulation UM Digos College - LIC UM Digos College - LIC 04/22/2013 Donated   DC 362.74 R51s 1988 22054 06/08/2021 1 01/31/2018 Circulation